A Christmas carol. (Record no. 1645)

MARC details
000 -LEADER
fixed length control field 00997cgm a22002295a 4500
005 - DATE AND TIME OF LATEST TRANSACTION
control field 20230912150958.0
020 ## - INTERNATIONAL STANDARD BOOK NUMBER
International Standard Book Number 9780439101332
040 ## - CATALOGING SOURCE
Original cataloging agency DLC
Transcribing agency DLC
Description conventions amim
Language of cataloging eng
050 00 - LIBRARY OF CONGRESS CALL NUMBER
Classification number PR4572.C68
082 ## - DEWEY DECIMAL CLASSIFICATION NUMBER
Classification number 823.8
100 ## - MAIN ENTRY--PERSONAL NAME
Personal name Dicken, Charles
245 02 - TITLE STATEMENT
Title A Christmas carol.
260 ## - PUBLICATION, DISTRIBUTION, ETC.
Date of publication, distribution, etc. 1999.
Place of publication, distribution, etc. Sholastic
300 ## - PHYSICAL DESCRIPTION
Extent 122 pages :
Other physical details illustrations ;
Dimensions 18 cm
505 ## - FORMATTED CONTENTS NOTE
Formatted contents note Z <br/>
520 ## - SUMMARY, ETC.
Summary, etc. Merry Christmas, everyone! "Bah!" said Scrooge. "Humbug!" With those famous words unfolds a tale that renews the joy and caring that are Christmas. Whether we read it aloud with our family and friends or open the pages on a chill winter evening to savor the story in solitude, Charles Dickens' A Christmas Carol is a very special holiday experience. It is the one book that every year will warm our hearts with favorite memories of Ebenezer
521 ## - TARGET AUDIENCE NOTE
Target audience note 900 <br/>
Source Lexile <br/>
521 ## - TARGET AUDIENCE NOTE
Target audience note Z <br/>
Source Raz-Plus <br/>
906 ## - LOCAL DATA ELEMENT F, LDF (RLIN)
a p
b cbc
c origcop
d u
e ncip
f 20
g y-movingim
942 ## - ADDED ENTRY ELEMENTS (KOHA)
Source of classification or shelving scheme Dewey Decimal Classification
Koha item type Books
Suppress in OPAC No
999 ## -
-- 1645
-- 1645
Holdings
Withdrawn status Lost status Source of classification or shelving scheme Damaged status Not for loan Collection Home library Current library Shelving location Date acquired Total Checkouts Full call number Barcode Date last seen Date last checked out Copy number Price effective from Koha item type
    Dewey Decimal Classification     Juvenile Fiction Footprints International School Library Network Toul Kork Campus Footprints International School Library Network Toul Kork Campus TTP Secondary Fiction Bookshelves 09/12/2023 1 DIC Fic PR4572.C68 FIS01112 08/30/2024 01/08/2024 1 09/12/2023 Books
    Dewey Decimal Classification     Juvenile Fiction Footprints International School Library Network Toul Kork Campus Footprints International School Library Network Toul Kork Campus TTP Secondary Fiction Bookshelves 09/12/2023 1 DIC Fic PR4572.C68 FISSE00254 03/05/2025 01/08/2024 2 09/12/2023 Books
    Dewey Decimal Classification     Juvenile Fiction Footprints International School Library Network Toul Kork Campus Footprints International School Library Network Toul Kork Campus TTP Secondary Fiction Bookshelves 09/12/2023 1 DIC Fic PR4572.C68 FISSE00255 03/04/2024 01/08/2024 3 09/12/2023 Books